| 000 | 00716cam a22002291a 4500 | ||
|---|---|---|---|
| 001 | ne 63002430 | ||
| 003 | DLC | ||
| 005 | 20260227111752.0 | ||
| 008 | 910805s1963 ua b 000 0 ararc | ||
| 010 | _ane 63002430 | ||
| 035 | _a(OCoLC)24177614 | ||
| 040 |
_aPrinceton Univ. Libr. for DLC _cMWalB _dMWalB _dDLC |
||
| 042 | _apremarc | ||
| 050 | 0 | 0 |
_aH62 _b.Z3 |
| 100 | 1 |
_aZakī, Jamāl, _d1923- |
|
| 245 | 1 | 0 |
_aUsus al-baḥth al-ijtimaāʻī / _ctaʼlīf Jamāl Zakī, al-Sayyid Yāsīn. |
| 260 |
_a[al-Qāhirah] : _bDār al-Fikr al-ʻArabī, _c[1963] |
||
| 300 |
_a498 p. ; _c24 cm. |
||
| 504 | _aIncludes bibliographical references. | ||
| 650 | 0 |
_aSocial sciences _xResearch. |
|
| 700 | 1 | _aYāsīn, al-Sayyid. | |
| 999 |
_c46451 _d46451 |
||